000 00435nam a22001457a 4500
999 _c13011
_d13011
008 190206b ||||| |||| 00| 0 eng d
020 _a9715423590
082 _22002
_aDFil 899.2111
_bAb1
100 _aAbad, Gemino H.
_936684
245 _aCybeles letter/
_cGemino H. Abad.
260 _aQuezon City:
_bUP Press,
_c©2002
300 _aviii, page 42-43;
_c 20 cm.
650 _aPhilippine poetry (English).
_936685
942 _2ddc
_cDFIL